| 000 | 00631nam a2200193 a 4500 | ||
|---|---|---|---|
| 001 | 000020778 | ||
| 005 | 20240412074249.0 | ||
| 008 | 100817s2016 dr 000 j spa d | ||
| 020 | _a9789945085266 | ||
| 040 |
_aDO-SdBNP _bspa _cBNPHU |
||
| 082 |
_aRD863.5 _bT266p |
||
| 100 | 1 |
_aTejada E., Inés María _943553 |
|
| 245 | 1 | 0 |
_aPeregrinaje : _bcuentos neoyorkinos / _cInés María Tejada E. |
| 260 |
_aSantiago de los Caballeros, República Dominicana : _b[s.f.], _c2016. |
||
| 300 |
_a177 p. ; _c22 cm. |
||
| 650 | 0 |
_aCuentos dominicanos _9176 |
|
| 650 | 0 |
_aLiteratura dominicana. _967 |
|
| 910 | _aValidado. Control de calidad MFF | ||
| 999 |
_c20282 _d20282 |
||